000 00539nam a2200229Ia 4500
003 OSt
005 20220912144339.0
006 a|||||r|||| 00| 0
007 ta
008 220909b |||||||| |||| 00| 0 eng d
020 _aSL0780038
024 _a196156
037 _cTextual
040 _aCSL
_beng
_cCSL
041 _aeng
082 _aY7;3;6, MI
100 _aCannings
245 0 _aGenealogical and genetic structure
700 _aCannings
942 _hY7;3;6, MI
_cTEXL
_2CC
999 _c5627
_d5627